00514cam a2200157 a 450000100100000000500170001000800410002704000300006808200170009810000360011524500470015126000500019830000260024865000240027465000580029800000765620200929154241.0720810s1970 sp b 001 0 spa  aDO-SdBNPcNhDdOCoLCdDLC a864.6bB641j1 aBlanco Aguinaga, Carlos,d1926-10aJuventud del 98 /cCarlos Blanco Aguinaga. aMadrid :bSiglo Veintiuno de España,c1970. axiv, 327 p. ;c19 cm. 4aEnsayos españoles 4aLiteratura españolaySIGLO XXxHistoria y crítica